000 00508nam a2200181Ia 4500
008 230524s9999 xx 000 0 und d
020 _a978838057224
082 _a1.42
_bTRI
100 _aV.D.Ojha
_935379
245 0 _aHindi-English-Oriya Ajanta's Comprehensive Dictionary
250 _a26TH
260 _aNEW YORK
_bAjanta
_c2010
300 _aXII;1242
500 _aQuantity Number: 1
650 _aEnglish
700 _a" Rachana Narang , Sanjaya Kumar Dash (Compiled By),,,"
_935380
942 _cBK
999 _c49182
_d49182